000 00639nam a22002297a 4500
003 UA-OsUOA
001 48506
007 ta
008 20130530b un ||||| |||| 00| 0 ukr d
090 _a34
_bП79
942 _cBK
040 _aUA-OsUOA
_bukr
_cUA-OsUOA
_dUA-OsUOA
245 _aПроект Конституції України
300 _a127 с.
955 _a4
041 _aukr
080 _a34
260 _aК.; Харків
_c1994
650 7 _a34 Право. Юриспруденція
_2UDC
999 _c428612
_d428612